Arte, lenguaje, etnología / [por] Georges Charbonier [y] Claude Lévi-Satruss ; tr. por Francisco González Aramburu

Gardado en:
Detalles Bibliográficos
Autor Principal: Charbonier, Georges (autor)
Outros autores: I. Lévi-Satruss, Claude, coaut. (autor) (autor)
Formato: Libro
Edición:4a edición
Series:Mínima ; 14
Temas:
Etiquetas: Engadir etiqueta
Sen Etiquetas, Sexa o primeiro en etiquetar este rexistro!

MARC

LEADER 00000nam^a2200000^u^4500
001 000537696
005 20250521000000.0
008 060220s1000^^^^^^^^^^^^r^^^^^000^0^spa^d
009 20260310131104.934
035 |a FMI 000004031 
037 |a Acervo Xavier Clavigero 
096 |a 9.0/3/A 
100 |a Charbonier, Georges  |e (autor) 
245 1 0 |a Arte, lenguaje, etnología / [por] Georges Charbonier [y] Claude Lévi-Satruss ; tr. por Francisco González Aramburu 
250 |a 4a edición 
264 |a México : Siglo XXI, 1975 
300 |a 138 p. 
336 |a texto  |b txt  |2 rdacontenido 
337 |a sin mediación  |b n  |2 rdamedio 
338 |a volumen  |b nc  |2 rdasoporte 
440 0 |a Mínima ; 14 
597 |a Trad. del francés ("Entretiens Avec Claude Lévi-Strauss). 
597 |a Entrevista de G. Charbonier con C. Lévi-Strauss 
649 |a XX 
650 |a ARTE 
700 |a I. Lévi-Satruss, Claude, coaut.  |e (autor) 
910 |a Fondo Francisco Migoya Covarrubias S.J. 
920 |a Impresos - Libros 
930 |a Fondos Especiales 
905 |a 134 
901 |a SBC17253  |b IT2  |c ESP  |u 20250521 
902 |a https://opac.biblio.iteso.mx/vufind/Record/000537696